Signal detection and estimation (Record no. 8284)

000 -LEADER
fixed length control field 01146 a2200217 4500
020 ## - INTERNATIONAL STANDARD BOOK NUMBER
International Standard Book Number 1580530702
040 ## - CATALOGING SOURCE
Original cataloging agency DLC
Language of cataloging DLC
100 1# - MAIN ENTRY--PERSONAL NAME
Personal name Barkat, Mourad.
245 10 - TITLE STATEMENT
Title Signal detection and estimation
Statement of responsibility, etc. Mourad Barkat.
250 ## - EDITION STATEMENT
Edition statement 2nd ed.
260 ## - PUBLICATION, DISTRIBUTION, ETC.
Place of publication, distribution, etc. Boston :
Name of publisher, distributor, etc. Artech House,
Date of publication, distribution, etc. c2005.
300 ## - PHYSICAL DESCRIPTION
Extent xvii, 692 p. :
Other physical details ill. ;
Dimensions 24 cm. +
Accompanying material 1 CD-ROM (4 3/4 in.)
440 #0 - SERIES STATEMENT/ADDED ENTRY--TITLE
Title Artech House radar library.
520 1# - SUMMARY, ETC.
Summary, etc. "This newly revised edition of a classic Artech House book provides a comprehensive and current understanding of signal detection and estimation. Featuring a wealth of new and expanded material, the second edition introduces the concepts of adaptive CFAR detection and distributed CA-CFAR detection. The book provides complete explanations of the mathematics needed to fully master the material, including probability theory, distributions, and random processes."--BK JACKET.
538 ## - SYSTEM DETAILS NOTE
System details note System requirements for accompanying CD-ROM: IBM PC or compatible; CD-ROM drive.
650 #0 - SUBJECT ADDED ENTRY--TOPICAL TERM
Topical term or geographic name entry element Signal detection.
650 #0 - SUBJECT ADDED ENTRY--TOPICAL TERM
Topical term or geographic name entry element Stochastic processes.
650 #0 - SUBJECT ADDED ENTRY--TOPICAL TERM
Topical term or geographic name entry element Estimation theory.
650 #0 - SUBJECT ADDED ENTRY--TOPICAL TERM
Topical term or geographic name entry element Radar.
942 ## - ADDED ENTRY ELEMENTS (KOHA)
Koha item type Book
Call number prefix 621.3822 BAR
Source of classification or shelving scheme
Holdings
Withdrawn status Lost status Damaged status Not for loan Collection code Permanent Location Current Location Shelving location Date acquired Source of acquisition Cost, normal purchase price Total Checkouts Full call number Barcode Checked out Date last seen Date last checked out Price effective from Koha item type
          Central Library (CL) Central Library (CL) General Stacks 12/26/2005 A & J Def Tek Concultants 9203.89 4 621.3822 BAR SEECS006774 02/11/2026 01/12/2026 01/12/2026 01/05/2017 Book
© 2023 Central Library, National University of Sciences and Technology. All Rights Reserved.